| 000 | 00552nam a2200205 u 4500 | ||
|---|---|---|---|
| 005 | 20210223131759.0 | ||
| 008 | 120703s2007 r 000 0 eng d | ||
| 020 | _a9789708120258 | ||
| 035 | _aUPN01000185680 | ||
| 049 | _aCG | ||
| 050 | 4 |
_aPQ7298.13 H5.5 _bE7.3 |
|
| 100 | 1 |
_aChimal, Carlos, _d1954- _932584 |
|
| 245 | 1 | 0 |
_aEscaramuza / _cCarlos Chimal. |
| 260 |
_aMéxico : _bPunto de Lectura, _c2007. |
||
| 300 | _a180 p. | ||
| 440 | 0 |
_aPunto de lectura ; _v216 |
|
| 650 | 4 |
_aDEPORTES - _vNOVELA _921160 |
|
| 905 | _aLibro | ||
| 999 |
_c157783 _d157783 |
||